00490nam a2200085Ia 4500008004100000245002300041300027800064650001600342856004600358170517s9999 xx 000 0 und d aBack From the Edge aBack From the Edge offers guidance on treating Borderline Personality Disorder. Borderline Personality Disorder (BPD) is a relative newcomer in the field of diagnosable psychiatric illnesses. The individual with the disorder and his or her family usually find themselves... xTechnology. uhttp://topdocumentaryfilms.com/back-edge/